The elegant solution : Toyota's formula for mastering innovation

Bibliographic Details
Main Author: May,Matthew E
Other Authors: Roberts,Kevin
Format: Book
Published: New York : Free Press , 2007
Subjects:

MARC

LEADER 00000cam a2200000 7i4500
001 0000014708
005 20080305.0
008 080305
020 |a 0743290178 
090 0 0 |a 658.4063   |b MAY 
100 0 |a May,Matthew E 
245 1 4 |a The elegant solution :   |b Toyota's formula for mastering innovation   |c Matthew E.May; foreword by Kevin Roberts 
260 |a New York :   |b Free Press ,   |c 2007 
650 0 |a Automobile industry and trade   |x management   |x employee participation   |z Japan 
650 0 |a Automobile industry and trade   |x techonological innovations   |z Japan 
650 0 |a Creative thinking 
650 0 |a Toyota Jido'sha Kabushi Kaisha 
700 0 |a Roberts,Kevin 
999 |a 0001015314   |b Book   |c Adult Collection   |e Perbadanan Perpustakaan Awam Johor